000 00666nas a2200205 i 4500
001 186152
003 ES-MaACL
005 20250217134920.0
008 160913d19411944gw a| | ||er d
245 0 0 _aJahrbuch der weltpolitik /
_cDeutsches Auslandswissenschaftliches Institut ; herausgegeben von F. A. Six.
260 _aBerlin :
_bJunker und Dünnhaupt,
_c1941-1944.
300 _a2 v, ;
_c25 cm.
310 _aAnual
650 4 _aPolítica mundial.
_916301
700 1 _aSix, Franz Alfred.
_9106729
710 0 _aDeutsches Auslandswissenschaftlickes Institut.
_93385
852 _aES-MaACL
_jE-4605-06
866 0 _o1943-1944.
999 _c186152
_d186152